[Event "SC-2020-0-00388"]
[Site "LSS email"]
[Date "2020.04.04"]
[Round "?"]
[White "Langheld, Werner"]
[Black "Linart, Ludvik"]
[Result "1/2-1/2"]
[WhiteElo "1782"]
[BlackElo "1788"]
[PlyCount "128"]
[EventDate "2020.02.05"]
[EventType "tourn (corr)"]
[EventRounds "6"]
[EventCountry "GER"]
[SourceTitle "Corr 2022"]
[Source "ChessBase"]
[SourceDate "2021.10.24"]
[SourceVersion "1"]
[SourceVersionDate "2021.10.24"]
[SourceQuality "1"]

1. e4 e5 2. d4 exd4 3. Qxd4 Nc6 4. Qe3 Nf6 5. Nc3 Bb4 6. Bd2 0-0 7. 0-0-0 Re8 8. Bc4 d6 9. f3 Ne5 10. Bb3 a5 11. a3 Bc5 12. Qe1 Bd7 13. a4 b5 14. Qg3 b4 15. Nce2 Bb6 16. Bg5 Nh5 17. Bxd8 Nxg3 18. hxg3 Raxd8 19. Nf4 Be3+ 20. Kb1 c5 21. Nd3 Nxd3 22. Rxd3 Bd4 23. Ne2 Be5 24. f4 Bf6 25. Rxd6 Bg4 26. Rxd8 Bxd8 27. Nc1 Rxe4 28. Nd3 c4 29. Bxc4 Rxc4 30. Ne5 Re4 31. Nxg4 f6 32. Rd1 Bb6 33. Rd2 Kf7 34. Ka2 Ke7 35. Nh2 Bg1 36. Nf3 Bb6 37. Rd5 Ke6 38. Rb5 Bc7 39. Kb1 Kd6 40. Kc1 Re2 41. Nd4 Rxg2 42. Rb7 Rg1+ 43. Kd2 Rg2+ 44. Kd1 Bb6 45. Nf5+ Kc5 46. Rxg7 b3 47. cxb3 Rxb2 48. Rxh7 Rxb3 49. Rf7 Rb4 50. Rxf6 Rxa4 51. Ne3 Ra1+ 52. Ke2 a4 53. Nc2 Rg1 54. Rg6 Kb5 55. Na3+ Kc5 56. f5 Rg2+ 57. Kd3 Rb2 58. f6 Rf2 59. Nc4 Bd8 60. Nd2 a3 61. Ne4+ Kb5 62. Rg8 a2 63. Nc3+ Kc5 64. Nxa2 Bxf6 1/2-1/2

[Event "SC-2020-0-00388"]
[Site "LSS email"]
[Date "2020.04.04"]
[Round "?"]
[White "Linart, Ludvik"]
[Black "Cruz Ramirez, Eliecer"]
[Result "0-1"]
[WhiteElo "1788"]
[BlackElo "1666"]
[PlyCount "70"]
[EventDate "2020.02.05"]
[EventType "tourn (corr)"]
[EventRounds "6"]
[EventCountry "GER"]
[SourceTitle "Corr 2022"]
[Source "ChessBase"]
[SourceDate "2021.10.24"]
[SourceVersion "1"]
[SourceVersionDate "2021.10.24"]
[SourceQuality "1"]

1. d4 d5 2. Nf3 Nf6 3. e3 e6 4. Bd3 c5 5. b3 Qa5+ 6. c3 Be7 7. 0-0 0-0 8. Bb2 Rd8 9. Nbd2 Nc6 10. a3 Qc7 11. Qc2 h6 12. Rac1 b6 13. c4 Ba6 14. dxc5 bxc5 15. cxd5 Bxd3 16. Qxd3 Rxd5 17. Qc2 Qb7 18. Bc3 Rb8 19. Rb1 Nh7 20. Qb2 f6 21. Qc2 Rbd8 22. Nc4 Ng5 23. Nh4 f5 24. Ng6 Bd6 25. Nxd6 R5xd6 26. Rfd1 Kh7 27. Rxd6 Rxd6 28. Nf4 Ne4 29. f3 Nxc3 30. Qxc3 Qd7 31. Qxc5 g5 32. Ne2 Rd5 33. Qc4 Ne5 34. Qc1 Rd3 35. f4 Ng4 0-1

[Event "RC-2020-0-00239"]
[Site "LSS email"]
[Date "2020.02.04"]
[Round "?"]
[White "Linart, Ludvik"]
[Black "Csaba, Fodor"]
[Result "1/2-1/2"]
[WhiteElo "1745"]
[BlackElo "1558"]
[PlyCount "57"]
[EventDate "2019.10.24"]
[EventType "tourn (corr)"]
[EventRounds "6"]
[EventCountry "GER"]
[SourceTitle "Corr 2022"]
[Source "ChessBase"]
[SourceDate "2021.10.24"]
[SourceVersion "1"]
[SourceVersionDate "2021.10.24"]
[SourceQuality "1"]

1. d4 d5 2. Nf3 e6 3. c4 a6 4. cxd5 exd5 5. Nc3 Be7 6. Bf4 Nf6 7. e3 0-0 8. Rc1 c6 9. h3 Bf5 10. Qb3 Ra7 11. g4 Bg6 12. Ne5 Nbd7 13. Nxg6 hxg6 14. Bg2 Nb6 15. 0-0 a5 16. a4 Re8 17. Rfd1 Bb4 18. Na2 Qe7 19. Bg5 Qf8 20. Nc3 Qd6 21. Bf4 Qe7 22. Bf1 Ne4 23. Nxe4 Qxe4 24. Bd3 Qf3 25. Bf1 Qe4 26. Be5 g5 27. Bd3 Qf3 28. Bf1 Qe4 29. Bd3 1/2-1/2